| 000 | 00541nam a22002057a 4500 | ||
|---|---|---|---|
| 999 |
_c16738 _d16738 |
||
| 003 | OSt | ||
| 005 | 20180320164709.0 | ||
| 008 | 180320b xxu||||| |||| 00| 0 eng d | ||
| 020 | _a9966010450 | ||
| 040 | _cKABU | ||
| 050 |
_aBF 721 _b.K33 2007 C.1 |
||
| 100 | _aKabiru, Margaret | ||
| 245 |
_aChild Development _cMargaret Kabiru and Anne Njenga |
||
| 260 |
_aNairobi _bFocus Publishers ltd _c2007 |
||
| 300 | _aix, 390p. | ||
| 650 | _aChild development | ||
| 650 | _aChild phychology | ||
| 700 | _aAnne Njenga | ||
| 942 |
_2lcc _cBK |
||